000 003910000a22001570004500
005 20120302062808.0
942 _cBOOK
100 _a PATWARDHAN , APPA
245 _a CHALAN SHUDDHI MHANJE SATVAYUG
250 _a 3 RD
260 _aMUMBAI: BHARAT CHALAN SHUDDHI MANDAL
300 _a174 P.
040 _aMAR
365 _bRS.2/-
650 _aCHALAN / CHALAN UTKRANTI / CHALAN SHUDDHI
999 _c357691
_d357688